01289nam a2200277 u 450000100100000000500170001000800410002702000180006804000250008608200180011110000540012924500930018326000350027630000270031150000600033850400290039859000270042765000210045465000610047571000520053691000370058895201310062595201160075695201220087299900170099400002038520240307073941.0100813s2015 dr d 000 0 spa d a9789945472547 aDO-SdBNPbspacBNPHU a378.17bA524e1 aAmorós Teijeiro, María Eugenia,d1992-94305110aEstrategias de aprendizaje en estudiantes de Intec /cMaría Eugenia Amorós Teijeiro. aSanto Domingo :bINTEC,c2015. a120 p. :bil ;c23 cm. aIncluye datos biográficos de la autora en las solapas aBibliografía: p. 73-76 aInventariado, 2018/MFF 4aAprendizaje9812 4aEstudiantes universitarioszRepública Dominicana960922 aInstituto Tecnológico de Santo Domingo978911 aValidado. Control de calidad MFF 001054708DSaGRbGRcHDd2017-05-10iLF1l0o378.17 A524ep20385-30r2020-06-25te. 3w2020-06-25yLFDSZPréstamo en sala 0010718PDaPDbPDcHDd2017-05-10iLF1l0o378.17 A524ep20385-10r2020-06-25w2020-06-25yLFPDZNo se presta 0010718PDaPDbPDcHDd2017-05-10iLF1l0o378.17 A524ep20385-20r2020-06-25te. 2w2020-06-25yLFPDZNo se presta c19889d19889